| 000 | 00685nam a2200289Ia 4500 | ||
|---|---|---|---|
| 008 | 181129s9999 xx 000 0 und d | ||
| 020 | _a9780545289351 | ||
| 050 | _bS859 2011 | ||
| 100 | _aStine, R. L. | ||
| 245 | 0 | _aNight of the giant everything / | |
| 245 | 0 | _cby R. L. Stine. | |
| 260 | _aNew York, NY : | ||
| 260 | _bScholastic, | ||
| 260 | _c2011 | ||
| 300 | _a127 pages : | ||
| 300 | _billustrations ; | ||
| 300 | _c19cm. | ||
| 440 | _aGoosebumps : hall of horrors ; | ||
| 440 | _v2 | ||
| 500 | _a430L | ||
| 650 | _aHorror stories. | ||
| 650 | _aSize. | ||
| 650 | _aStature -- | ||
| 650 | _xJuvenile fiction. | ||
| 700 | _aSeries. | ||
| 700 | _aTitle. | ||
| 999 |
_c360058 _d360058 |
||